Java 2 Black Book

Αποθηκεύτηκε σε:
Λεπτομέρειες βιβλιογραφικής εγγραφής
Κύριος συγγραφέας: Holzner, Steven
Μορφή: Βιβλίο
Γλώσσα:English
Δημοσίευση: Scottsdale, Ariz. : Coriolis, c2001
Έκδοση:Rev. ed.
Θέματα:
Ετικέτες: Προσθήκη ετικέτας
Δεν υπάρχουν, Καταχωρήστε ετικέτα πρώτοι!

MARC

LEADER 00000nam a2200000 i 4500
001 1/38372
008 030718s2001 eng d
020 |a 1-58880-097-0 
035 |l 10070428 
040 |a GR-MY-UA  |b gre  |e aacr 
041 0 |a eng 
082 0 |a 005.133  |2 (21) 
100 1 |a Holzner, Steven. 
245 1 0 |a Java 2 Black Book /  |c Steven Holzner 
250 |a Rev. ed. 
260 |a Scottsdale, Ariz. :   |b Coriolis,   |c c2001 
300 |a xxxiii, 1154 σ.;  |b εικ.;  |c 24 εκ.+  |e 1 οπτική δισκέτα λέϊζερ Η/Υ (4 3/4 ίν.) 
504 |a Περιέχει βιβλιογραφικές παραπομπές 
650 0 0 |a Java (Computer program language) 
852 |a INST  |b LESVOS  |e 20030718  |h 005.133 HOL  |p 005100026992  |q 005100026992  |t BK  |y 0 
852 |a INST  |b LESVOS  |e 20030718  |h 005.133 HOL   |p 005100026993  |q 005100026993  |t BK  |y 0 
901 |a BIBL1-2003-2 
909 |a Λ  |b 105552 
922 |a 1ΕΛΗ  |b 200307  |c ΤΑΚ/ΚΥΒ  |d LEADER 
950 |a 023-2003-06-11 
970 |a ΚΑΡΑ  |b ΓΙΑΣΕΜΗ  |z 2003/07/18